Countries with the most television broadcast stations - Statistics

General Stats
  • This quiz has been taken 1,543 times
  • The average score is 12 of 15
Answer Stats
Answer % Correct
3 United States of America
100%
2 China
98%
5 United Kingdom
98%
8 France
96%
1 Russia
96%
13 Germany
95%
4 India
94%
12 Brazil
93%
14 Italy
92%
7 Turkey
78%
10 South Africa
68%
6 Ukraine
61%
15 Philippines
52%
9 Romania
37%
11 Mongolia
16%
No matching quizzes found
Score Distribution
Percent of People with Each Score
Percentile by Number Answered
Your Score History
You have not taken this quiz